Every city in Tierra Del Fuego, Argentina - Statistics

General Stats
  • This quiz has been taken 47 times
  • The average score is 3 of 7
Answer Stats
Population City % Correct
127.205 Ushuaia
100%
98.277 Río Grande
85%
12.949 Tolhuin
72%
940 San Sebastián
26%
130 Lago Escondido
10%
100 Puerto Almanza
10%
4 Puerto Parry
5%
No matching quizzes found
Score Distribution
Percent of People with Each Score
Percentile by Number Answered
Your Score History
You have not taken this quiz